| 000 | 01055cam a22003257a 4500 | ||
|---|---|---|---|
| 003 | CHAP | ||
| 005 | 20220329142303.0 | ||
| 008 | 000511d1996 uk a r 00010 eng d | ||
| 010 | _a81071 | ||
| 011 | _a82043 | ||
| 020 | _a0851989780 | ||
| 035 | _a92528 | ||
| 040 | _cCHAP | ||
| 082 | 0 | 4 |
_a581.543 _bL3 |
| 100 | 0 | 0 |
_aLang, G. A. _eed. _964725 |
| 245 | 1 | 0 |
_aPlant dormancy : _bphysiology, biochemistry and molecular biology _c/ed. by G. A. Lang |
| 260 |
_aWallingford, U.K. : _bCAB International, _c1996. |
||
| 300 |
_a386 p. : _bilus. ; gráfs. |
||
| 590 |
_aBATCH-UPD _b10 _c20130110 _lUCH01 _h0826 |
||
| 590 |
_aBATCH-UPD _b10 _c20130410 _lUCH01 _h0504 |
||
| 590 |
_aBATCH-UPD _b10 _c20130914 _lUCH01 _h1617 |
||
| 590 |
_aCONVERSION _b10 _c20130109 _lUCH01 _h1345 |
||
| 650 | 1 | 4 |
_aHibernación. _955139 |
| 650 | 1 | 4 |
_aLetargo en plantas. _966367 |
| 650 | 1 | 4 |
_aSemillas _xLetargo. _9103909 |
| 901 | _aBK | ||
| 905 | _aBlanca M. García O. | ||
| 942 | _cLIBRO | ||
| 949 |
_a581.543 L3 _bBC _cLIBRO _d33724000780664 _eLIBRO _gI. 203509 _h97932 _i92528 _si _t$1423.00 |
||
| 999 |
_c81071 _d81071 |
||